Clínica propedéutica médica (Record no. 9595)

MARC details
000 -CABECERA
campo de control de longitud fija 00673nam a2200241 a 4500
001 - NÚMERO DE CONTROL
campo de control BRL_783
005 - FECHA Y HORA DE LA ÚLTIMA TRANSACCIÓN
campo de control 20190320210908.0
008 - DATOS DE LONGITUD FIJA--INFORMACIÓN GENERAL
campo de control de longitud fija 071013s1938----mx-a######---#000-0#spa-#
041 ## - CÓDIGO DE LENGUA
Código de lengua del texto/banda sonora o título independiente spa
044 ## - CÓDIGO DEL PAÍS DE LA ENTIDAD EDITORA/PRODUCTORA
Código MARC del país mx
050 #4 - SIGNATURA TOPOGRÁFICA DE LA BIBLIOTECA DEL CONGRESO
Número de clasificación RC71
Número de documento/Ítem .O78 1938
100 1# - ENTRADA PRINCIPAL--NOMBRE DE PERSONA
Nombre de persona Ortega Cardona, Manuel
9 (RLIN) 24930
245 10 - MENCIÓN DE TÍTULO
Título Clínica propedéutica médica
Mención de responsabilidad, etc. Manuel Ortega Cardona.
250 ## - MENCIÓN DE EDICIÓN
Mención de edición 2a ed.
260 ## - PUBLICACIÓN, DISTRIBUCIÓN, ETC.
Lugar de publicación, distribución, etc. México, D.F.
Nombre del editor, distribuidor, etc. A. Mijares y Hno.
Fecha de publicación, distribución, etc. 1938
300 ## - DESCRIPCIÓN FÍSICA
Extensión 283 p.
Otras características físicas il., 53 láminas
Dimensiones 23 cm.
500 ## - NOTA GENERAL
Nota general Au845
500 ## - NOTA GENERAL
Nota general Estado físico: Tiene el lomo desprendido.
650 14 - PUNTO DE ACCESO ADICIONAL DE MATERIA--TÉRMINO DE MATERIA
Término de materia o nombre geográfico como elemento de entrada Diagnóstico
9 (RLIN) 24931
650 14 - PUNTO DE ACCESO ADICIONAL DE MATERIA--TÉRMINO DE MATERIA
Término de materia o nombre geográfico como elemento de entrada Pronóstico médico
9 (RLIN) 24932
902 ## - CATALOGADOR
Iniciales GRL
942 ## - ELEMENTOS DE PUNTO DE ACCESO ADICIONAL (KOHA)
Fuente del sistema de clasificación o colocación Library of Congress Classification
Tipo de ítem Koha Libros
Holdings
Estado de retiro Estado de pérdida Estado dañado No para préstamo Localización permanente Ubicación/localización actual Fecha de adquisición Número de inventario Total de préstamos Signatura topográfica completa Código de barras Fecha visto por última vez Precio válido a partir de Tipo de ítem Koha
El ejemplar forma parte de la colección y puede ser consultado según las políticas vigentes.       Biblioteca Centro de Estudios Ruth D. Lechuga Biblioteca Centro de Estudios Ruth D. Lechuga 07/10/2013 Au845   RC71 .O78 1938 (Au845) GRL00853 22/03/2019 22/03/2019 Libros